Oficiálne uznanie najstaršiemu v Európe návrh oživiť klasiku do Sene neprešiel

Bibliographic Details
Main Author: Matia, Bohuš (Author)
Format: Article
Language:Slovak
PhysicalDescription:Fotogr.
ISSN:1338-659X
Subjects:

MARC

LEADER 00000nab a2200000 a 4500
001 vtls010474458
003 SK-MaSNL
005 20260304224144.0
008 121127c20121113xo drz 0 0slo
038 |a KEVKJB 
040 |a KEVKJB  |b slo  |c KEVKJB  |e AACR2 
041 0 |a slo 
044 |a xo  |c SK 
080 |a 796.422.16-051  |2 2001 
100 1 |a Matia, Bohuš  |4 aut  |9 538114 
245 1 0 |a Oficiálne uznanie najstaršiemu v Európe  |b návrh oživiť klasiku do Sene neprešiel  |c Bohuš Matia 
300 |b Fotogr. 
611 2 7 |a Medzinárodný maratón mieru (Košice, Slovensko)  |2 kevkjb  |9 258678 
650 0 7 |a ceny a vyznamenania  |2 kevkjb  |9 73045 
651 7 |a Košice (Slovensko)  |2 kevkjb  |9 18694 
773 0 |t Korzár : denník Košického kraja  |g Roč. XV., č. 262 (13.11.2012), s. 23  |x 1338-659X 
852 |a KEVKJB  |b KIS3GCP 
999 |c 3171007  |d 3172937